000 00994nam a2200241Ia 4500
999 _c54324
_d54324
001 21380
003 GE_BSU
005 20211103164437.0
008 181216s2013||||ge |||||||||||||| ||geo||
020 _a9789941442674
040 _cGE_BSU
041 _ageo
080 _a796.332+316 ფ-77
100 _aფოერი, ფრანკლინ
_912808
245 _aროგორ აგვიხსნა ფეხბურთელმა მსოფლიო გლობალიზაციის სხვაგვარი თეორია /
_cფრანკლინ ფოერი ; მთარგმნ. რ. ძიგრაშვილი.
264 _aთბილისი :
_bრადარამი,
_c2013.
300 _a254 გვ. ;
_c20 სმ.
504 _aბიბლ. გვ. : 252-254
541 _h7 ლ.
653 _aსპორტი
700 _aძიგრაშვილი, რ.
_eმთარგმნელი
_912809
942 _cBK
_2udc